000
00318nam a2200145Ia 4500
100
_a
MacNaughton/Edgar
942
_c
BK
654
_a
Steam Power
245
_a
Elementary Steam Power Engg
260
_b
John Wiley & Sons
_a
London
_c
1961
082
_a
621.1
_b
MAC
300
_a
640
546
_a
ENGLISH
999
_c
29465
_d
29465